Manual de hifología: análisis e interpretación de textos

Guardat en:
Dades bibliogràfiques
Autor principal: García-Dussán, Eder (Autor)
Format: Llibre
Idioma:espanyol
Publicat: Bogotá Universidad de La Salle 2008
Matèries:
Etiquetes: Afegir etiqueta
Sense etiquetes, Sigues el primer a etiquetar aquest registre!

MARC

LEADER 00000nam a2200000 a 4500
001 UCG5494
003 CL-VaPUC
008 110310e20080000CK |||||||||||||||||spa|d
020 |a 9789589290842 
082 0 4 |a 401.41  |b GAR  |2 21 
100 0 |a García-Dussán, Eder  |e author  |9 555200 
245 1 0 |a Manual de hifología: análisis e interpretación de textos 
300 |a 316 p 
942 |c BK 
945 |d 20110310 00:00:00  |a dcastane 
260 |a Bogotá  |b Universidad de La Salle  |c 2008 
650 0 |a Análisis del discurso  |9 256696 
650 0 |a Análisis de textos   |9 440179 
650 0 |a Filología   |9 321245 
583 |a last modification  |c 20110310 00:00:00  |k Rodrigo Vera 
999 |c 343971  |d 343969 
952 |0 0  |1 0  |4 0  |6 401_410000000000000_GAR_2008  |7 0  |8 A  |9 441695  |a FDOPOS  |b BIBEDU  |d 2019-11-22  |i 475350K  |l 1  |o 401.41 GAR 2008  |p 475350K  |r 2025-01-22  |s 2023-04-10  |w 2019-11-22  |y BK  |k DLH